| 000 | 00343nam a22001217a 4500 | ||
|---|---|---|---|
| 020 | _a078214327x | ||
| 082 |
_222 _a005.1 |
||
| 100 | _aGunderloy, Mike. | ||
| 245 |
_aCoder to developer : _btools and strategies for delivering your software / |
||
| 260 |
_aCalifornia, _bSybex, _cc2004. |
||
| 300 |
_axxii, 297p. ; _bill. ; _c23 cm. |
||
| 942 |
_2ddc _cIT |
||
| 999 |
_c2158 _d2158 |
||